[Event "3. Hrvatska liga zapad 2017."]
[Site "Pula, Gospić, Rijeka"]
[Date "2017.03.26"]
[Round "2.5"]
[White "Dizdarevic, Mirsad"]
[Black "Topic, Joso"]
[Result "1-0"]
[WhiteElo "1841"]
[BlackElo "1660"]
[PlyCount "133"]
[EventDate "2017.03.25"]

1. d4 d5 2. Nf3 Nf6 3. g3 g6 4. Bg2 Bg7 5. O-O O-O 6. Bf4 Nbd7 7. Nc3 c6 8. Ne5
Nh5 9. Nxd7 Bxd7 10. Be3 h6 11. f3 Qc8 12. Qd2 Kh7 13. Bf2 Bh3 14. e4 Bxg2 15.
Kxg2 dxe4 16. Nxe4 Rd8 17. Qb4 Bf8 18. Qc4 e6 19. c3 Bg7 20. Rfe1 b6 21. Rad1
Rd5 22. Be3 Qd7 23. Qe2 Rd8 24. Nf2 Qb7 25. h4 Qc7 26. f4 c5 27. dxc5 bxc5 28.
Rxd5 Rxd5 29. Qf3 Qa5 30. a3 Qb5 31. Re2 a5 32. Bc1 Qd7 33. Be3 f5 34. Bc1 e5
35. Rc2 exf4 36. Bxf4 Nxf4+ 37. Qxf4 Be5 38. Qe3 Qb7 39. Qf3 Qd7 40. Re2 Bg7
41. Kf1 Be5 42. c4 Rd1+ 43. Nxd1 Qxd1+ 44. Kg2 Qd4 45. Qd5 Bg7 46. Qxd4 Bxd4
47. Re7+ Kg8 48. b3 Bb2 49. a4 Bc3 50. Rb7 g5 51. Kf3 gxh4 52. gxh4 h5 53. Kf4
Be1 54. Kxf5 Bxh4 55. Kg6 Kf8 56. Kxh5 Be1 57. Kg6 Ke8 58. Kf6 Kd8 59. Ke6 Kc8
60. Rh7 Bc3 61. Kd6 Bb4 62. Rc7+ Kb8 63. Kc6 Ba3 64. Kb6 Bb4 65. Rxc5 Bxc5+ 66.
Kxc5 Ka7 67. Kb5 1-0

[Event "3. Hrvatska liga zapad 2017."]
[Site "Pula, Gospić, Rijeka"]
[Date "2017.03.26"]
[Round "3.1"]
[White "Kukuljan, Vlatko"]
[Black "Rukavina, Damir"]
[Result "1/2-1/2"]
[WhiteElo "2025"]
[BlackElo "2262"]
[PlyCount "111"]
[EventDate "2017.03.25"]

1. d4 Nf6 2. Nf3 g6 3. Bg5 Bg7 4. e3 O-O 5. Be2 d6 6. O-O Nbd7 7. c3 Re8 8.
Nbd2 h6 9. Bh4 e5 10. Qb3 g5 11. Bg3 e4 12. Ne1 Qe7 13. Nc2 Nb6 14. c4 Bf5 15.
a4 c6 16. a5 Nc8 17. Qa4 Qd7 18. b4 Ne7 19. Rab1 a6 20. b5 axb5 21. cxb5 Ned5
22. Rb3 Rec8 23. bxc6 Qxc6 24. Qxc6 Rxc6 25. Nc4 Ne8 26. Nb4 Nxb4 27. Rxb4 d5
28. Ne5 Rc7 29. Bh5 Be6 30. Nxf7 Rxf7 31. Bxf7+ Bxf7 32. Rxb7 Rxa5 33. h3 Ra6
34. Rc1 Be6 35. Kh2 Bf8 36. Be5 h5 37. Rc2 h4 38. g3 hxg3+ 39. fxg3 Bd6 40.
Bxd6 Nxd6 41. Rb8+ Kg7 42. g4 Nc4 43. Rb3 Ra1 44. Kg2 Re1 45. Kf2 Rd1 46. Kg2
Rd3 47. Rb7+ Kg6 48. Ra2 Nxe3+ 49. Kg1 Rxd4 50. Ra6 Kf6 51. Rbb6 Ke5 52. Rxe6+
Kf4 53. Rf6+ Kg3 54. Ra1 Rd2 55. Re1 Ng2 56. Ref1 1/2-1/2

[Event "3. Hrvatska liga zapad 2017."]
[Site "Pula, Gospić, Rijeka"]
[Date "2017.03.26"]
[Round "3.1"]
[White "Zoricic, Marijan"]
[Black "Jerkovic, Maroje"]
[Result "1/2-1/2"]
[WhiteElo "2055"]
[BlackElo "2083"]
[PlyCount "47"]
[EventDate "2017.03.25"]

1. e4 e5 2. Nf3 Nc6 3. Bb5 Bc5 4. O-O Nd4 5. Nxd4 Bxd4 6. c3 Bb6 7. d4 c6 8.
Ba4 d6 9. Be3 Nf6 10. Nd2 O-O 11. h3 Qe7 12. Bc2 h6 13. Qf3 Kh7 14. a3 Bc7 15.
Rad1 g5 16. Qe2 Kg6 17. g4 Be6 18. Kg2 h5 19. f3 Rh8 20. Rh1 b6 21. Rdg1 h4 22.
Rf1 Nh7 23. Rd1 Kg7 24. c4 1/2-1/2

[Event "3. Hrvatska liga zapad 2017."]
[Site "Pula, Gospić, Rijeka"]
[Date "2017.03.26"]
[Round "3.1"]
[White "Ban, Ivoslav"]
[Black "Djuric, Petar"]
[Result "1-0"]
[WhiteElo "2009"]
[BlackElo "1918"]
[PlyCount "71"]
[EventDate "2017.03.25"]

1. e4 d5 2. exd5 Qxd5 3. Nf3 c6 4. d4 Nf6 5. h3 Bf5 6. Bd3 e6 7. O-O Bxd3 8.
Qxd3 Bb4 9. c4 Qe4 10. Qb3 c5 11. a3 Ba5 12. Qb5+ Nc6 13. Ne5 a6 14. Qa4 b5 15.
cxb5 Nxe5 16. Qxa5 Nc4 17. Qa4 Nb6 18. Qb3 c4 19. Qg3 O-O 20. Nc3 Qxd4 21. Be3
Qd8 22. Rad1 Nbd5 23. Bg5 axb5 24. Rd4 Qb6 25. Rfd1 Nxc3 26. bxc3 Nh5 27. Qh4
g6 28. g4 f6 29. Bh6 Ng7 30. Bxg7 Rf7 31. Bxf6 Raf8 32. g5 e5 33. Rd7 Qe6 34.
Rxf7 Qxf7 35. Qg4 h6 36. Rd7 1-0

[Event "3. Hrvatska liga zapad 2017."]
[Site "Pula, Gospić, Rijeka"]
[Date "2017.03.26"]
[Round "3.1"]
[White "Jurman, Nenad"]
[Black "Relja, Marin"]
[Result "1/2-1/2"]
[WhiteElo "1814"]
[BlackElo "1994"]
[PlyCount "126"]
[EventDate "2017.03.25"]

1. Nf3 Nf6 2. d4 g6 3. g3 b6 4. Bg2 Bb7 5. O-O Bg7 6. Nbd2 O-O 7. Re1 d5 8. Ne5
Nbd7 9. f4 c5 10. c3 Rc8 11. e3 Qc7 12. Qe2 e6 13. g4 Nxe5 14. fxe5 Nd7 15. g5
a6 16. Qg4 b5 17. Rf1 b4 18. cxb4 cxb4 19. Qh4 a5 20. Rf3 Rfe8 21. Rh3 Nf8 22.
Nb3 Qb6 23. Nc5 Rxc5 24. dxc5 Qxc5 25. Qd4 Qc7 26. Qd1 Qxe5 27. a3 Qxg5 28.
axb4 axb4 29. Ra7 Bc6 30. Rc7 Bd7 31. Rb7 Rc8 32. Rxb4 Qf5 33. e4 dxe4 34. Be3
Qa5 35. Bd2 Qc5+ 36. Kh1 f5 37. Bc3 Bxc3 38. bxc3 Qf2 39. Rd4 Bb5 40. Rd2 Qf4
41. Rb2 Bd3 42. Qe1 Qc7 43. Rb3 Qc4 44. Ra3 Qb5 45. Qc1 Rb8 46. Ra1 Qc5 47. Bf1
Qd5 48. Kg1 Bxf1 49. Kxf1 Qc4+ 50. Kf2 Rd8 51. Ra7 Qc5+ 52. Qe3 Qxe3+ 53. Rxe3
e5 54. Re7 Rd5 55. h4 h6 56. Re2 g5 57. hxg5 hxg5 58. Ra2 f4 59. Raa7 e3+ 60.
Ke1 f3 61. Rg7+ Kh8 62. Rgf7 f2+ 63. Ke2 Kg8 1/2-1/2

[Event "3. Hrvatska liga zapad 2017."]
[Site "Pula, Gospić, Rijeka"]
[Date "2017.03.26"]
[Round "3.1"]
[White "Kovacic, Dragutin"]
[Black "Haidinger, Erik"]
[Result "1-0"]
[WhiteElo "2004"]
[BlackElo "1710"]
[PlyCount "119"]
[EventDate "2017.03.25"]

1. d4 Nf6 2. Nf3 e6 3. Bg5 Be7 4. g3 b6 5. Bg2 Bb7 6. Nbd2 O-O 7. O-O h6 8.
Bxf6 Bxf6 9. e4 d6 10. c3 Nd7 11. Qc2 c5 12. Rad1 Qc7 13. Nb3 Rac8 14. Rfe1
Rfe8 15. Qd2 c4 16. Na1 Be7 17. Nc2 Nf6 18. e5 Ne4 19. Qe2 dxe5 20. Nxe5 Ng5
21. h4 Bxg2 22. hxg5 Bd5 23. gxh6 gxh6 24. Qh5 Bf8 25. Ne3 f6 26. N5g4 Qf7 27.
Nxh6+ Bxh6 28. Qxh6 Qh7 29. Qxh7+ Kxh7 30. Nxd5 exd5 31. Kg2 Kg6 32. f4 b5 33.
Kf3 Rb8 34. Rxe8 Rxe8 35. Rd2 Rb8 36. Re2 b4 37. Re7 a5 38. Ra7 Rb5 39. Ra6 Kf7
40. Kg4 bxc3 41. bxc3 Rb2 42. Rxa5 Rc2 43. Ra3 Kg6 44. Ra5 f5+ 45. Kh3 Rxc3 46.
Rxd5 Rd3 47. a4 c3 48. a5 c2 49. Rc5 Rxd4 50. Rxc2 Ra4 51. Rc6+ Kf7 52. a6 Ra3
53. Kh4 Ra5 54. Kg5 Ke7 55. Rf6 Ra3 56. Rb6 Ra5 57. a7 Rxa7 58. Kxf5 Kf7 59.
Kg5 Re7 60. g4 1-0

[Event "3. Hrvatska liga zapad 2017."]
[Site "Pula, Gospić, Rijeka"]
[Date "2017.03.26"]
[Round "3.2"]
[White "Dimitrijevic, Sinisa"]
[Black "Zufic, Zeljko"]
[Result "0-1"]
[WhiteElo "2027"]
[BlackElo "2209"]
[PlyCount "78"]
[EventDate "2017.03.25"]

1. d4 Nf6 2. c4 e6 3. Nc3 Bb4 4. f3 c5 5. d5 Bxc3+ 6. bxc3 e5 7. e4 d6 8. Bd3
O-O 9. Ne2 Re8 10. O-O Nbd7 11. Qc2 Nf8 12. f4 exf4 13. Bxf4 Ng4 14. h3 Ne5 15.
Ng3 Nfg6 16. Bd2 b6 17. Nf5 Ba6 18. Ne3 Qe7 19. Be2 Bc8 20. Rf2 Nf8 21. Raf1 f6
22. Nf5 Bxf5 23. exf5 Qb7 24. Qa4 Re7 25. Rb1 Nfd7 26. Bf4 Rae8 27. Bh5 Rb8 28.
Re2 g6 29. fxg6 hxg6 30. Bg4 f5 31. Rxe5 Nxe5 32. Be2 Nf7 33. Bf3 Rbe8 34. Bd2
Kg7 35. Rf1 Qd7 36. Qc2 Rh8 37. Bf4 Ree8 38. Qd2 Qe7 39. Bg3 Qe3+ 0-1

[Event "3. Hrvatska liga zapad 2017."]
[Site "Pula, Gospić, Rijeka"]
[Date "2017.03.26"]
[Round "3.2"]
[White "Konic, Zlatko"]
[Black "Rajter, Emil"]
[Result "1/2-1/2"]
[WhiteElo "2097"]
[BlackElo "1891"]
[PlyCount "147"]
[EventDate "2017.03.25"]

1. d4 Nf6 2. c4 e6 3. Nf3 Bb4+ 4. Bd2 Qe7 5. e3 Bxd2+ 6. Qxd2 d6 7. Bd3 e5 8.
Bc2 Bg4 9. d5 O-O 10. Nc3 Nbd7 11. O-O Bxf3 12. gxf3 a5 13. Kh1 Nc5 14. Rg1 g6
15. Rg3 Nh5 16. Rg2 Rae8 17. a3 Ra8 18. Rag1 Kh8 19. Rg5 f6 20. R5g4 f5 21. Rg5
Rf6 22. Qd1 Qf7 23. Nb5 Ng7 24. Qf1 Nh5 25. Qb1 Ng7 26. b4 axb4 27. axb4 Na6
28. Nc3 Qe7 29. Qb2 Rff8 30. Ne2 c5 31. bxc5 Nxc5 32. f4 Nh5 33. Ng3 Nxg3+ 34.
R5xg3 Qf6 35. fxe5 Qxe5 36. Rb1 Rfe8 37. Rgg1 Qxb2 38. Rxb2 Ra6 39. Kg2 Kg7 40.
Rgb1 Rea8 41. f3 Kf6 42. Kg3 Ra1 43. Rxa1 Rxa1 44. h4 Ra3 45. Rb6 Ke7 46. Kf4
Rc3 47. Bb1 Rxc4+ 48. Kg5 Rc3 49. Kf4 Rb3 50. Rxb3 Nxb3 51. e4 fxe4 52. Bxe4
Kf6 53. Bd3 Nc5 54. Bb5 h6 55. Bf1 g5+ 56. hxg5+ hxg5+ 57. Kg4 Nd7 58. f4 gxf4
59. Kxf4 Nb6 60. Ke4 Na4 61. Kd4 Nc5 62. Be2 Ke7 63. Kc4 Kd7 64. Bg4+ Kc7 65.
Kb5 Na6 66. Bf5 Nc5 67. Bc2 Nd7 68. Be4 Ne5 69. Bf5 Nf3 70. Bg4 Nd4+ 71. Kc4
Nc6 72. dxc6 bxc6 73. Bf3 Kb6 74. Bg2 1/2-1/2

[Event "3. Hrvatska liga zapad 2017."]
[Site "Pula, Gospić, Rijeka"]
[Date "2017.03.26"]
[Round "3.2"]
[White "Duda, Daniel"]
[Black "Pasalic, Enio"]
[Result "1/2-1/2"]
[WhiteElo "1847"]
[BlackElo "2002"]
[PlyCount "36"]
[EventDate "2017.03.25"]

1. d4 Nf6 2. c4 e6 3. Nc3 Bb4 4. e3 b6 5. Bd3 Bb7 6. Nf3 O-O 7. O-O Bxc3 8.
bxc3 Ne4 9. Qc2 f5 10. Nd2 Nxd2 11. Bxd2 Qh4 12. f3 Nc6 13. e4 f4 14. e5 Ba6
15. Qa4 Bb7 16. Qc2 Ba6 17. Qa4 Bb7 18. Qc2 Ba6 1/2-1/2

[Event "3. Hrvatska liga zapad 2017."]
[Site "Pula, Gospić, Rijeka"]
[Date "2017.03.26"]
[Round "3.2"]
[White "Siljan, Milorad"]
[Black "Kvaternik, Sinisa"]
[Result "0-1"]
[WhiteElo "1997"]
[BlackElo "1881"]
[PlyCount "110"]
[EventDate "2017.03.25"]

1. e4 e5 2. Nf3 Nf6 3. Nc3 Nc6 4. Bc4 Bc5 5. d3 d6 6. h3 h6 7. a3 O-O 8. b4 Bd4
9. Nxd4 Nxd4 10. Ne2 b5 11. Ba2 Bb7 12. Nxd4 exd4 13. f4 Re8 14. O-O Re7 15. g4
Qd7 16. Qf3 Rae8 17. Kh2 Nxe4 18. dxe4 Bxe4 19. Qb3 Bxc2 20. Qg3 Re2+ 21. Rf2
Qc6 22. Bd2 Bd3 23. Re1 Qc2 24. Rexe2 Bxe2 25. Qb3 Qc4 26. g5 hxg5 27. fxg5
Qxb3 28. Bxb3 Bc4 29. Bd1 Bd5 30. Re2 Kf8 31. Rxe8+ Kxe8 32. Kg3 c5 33. Bf3 Bc4
34. Bc6+ Ke7 35. Kf4 Bd3 36. Bc1 Ke6 37. Bb2 g6 38. h4 Bf1 39. a4 bxa4 40. Bxa4
f6 41. Be8 Bd3 42. gxf6 Kxf6 43. Bc6 Ke6 44. Be4 Bxe4 45. Kxe4 d5+ 46. Kd3 cxb4
47. Kxd4 Kd6 48. Bc1 Kc6 49. Kd3 a5 50. Kd4 Kd6 51. Bd2 Kc6 52. Be1 Kb5 53.
Kxd5 a4 54. Bg3 a3 55. Be5 b3 0-1

[Event "3. Hrvatska liga zapad 2017."]
[Site "Pula, Gospić, Rijeka"]
[Date "2017.03.26"]
[Round "3.2"]
[White "Glad, Ranko"]
[Black "Marceta, Milan"]
[Result "0-1"]
[WhiteElo "1696"]
[BlackElo "1973"]
[PlyCount "90"]
[EventDate "2017.03.25"]

1. c4 Nf6 2. g3 c5 3. Bg2 g6 4. b3 Bg7 5. Bb2 O-O 6. d3 d6 7. e4 Nc6 8. Ne2 e5
9. O-O a6 10. Nbc3 Rb8 11. a4 Nd4 12. Nxd4 cxd4 13. Ne2 Be6 14. h3 b5 15. axb5
axb5 16. Qd2 bxc4 17. bxc4 Rb3 18. f4 Qb6 19. Rfb1 Rb8 20. Ra2 Bxc4 21. Nc1
Rxd3 22. Nxd3 Bxa2 23. Ra1 Bc4 24. Bc1 Qb3 25. fxe5 Qxd3 26. Qxd3 Bxd3 27. exf6
Bxf6 28. Bh6 Be5 29. Rd1 Bc2 30. Rd2 d3 31. Bf4 Rb1+ 32. Kh2 Bc3 33. Rf2 Bb4
34. Bf3 Bc5 35. Rd2 f6 36. h4 Kg7 37. g4 h6 38. g5 hxg5 39. hxg5 fxg5 40. Bxg5
Bd4 41. Rg2 Be5+ 42. Kh3 Bb3 43. Rf2 Be6+ 44. Kg2 Bd4 45. Rf1 Bh3+ 0-1

[Event "3. Hrvatska liga zapad 2017."]
[Site "Pula, Gospić, Rijeka"]
[Date "2017.03.26"]
[Round "3.2"]
[White "Mrdjen, David"]
[Black "Duda, Dejan"]
[Result "1-0"]
[WhiteElo "1907"]
[BlackElo "1613"]
[PlyCount "39"]
[EventDate "2017.03.25"]

1. e4 c5 2. Nf3 e6 3. d4 cxd4 4. Nxd4 Nc6 5. Be3 Nf6 6. Bd3 Be7 7. Nc3 a6 8.
O-O d5 9. exd5 exd5 10. h3 O-O 11. Nce2 Ne5 12. Bf5 Re8 13. Bxc8 Rxc8 14. Nf5
Ng6 15. Nxe7+ Qxe7 16. Ng3 Qc7 17. c3 Ne4 18. Nf5 Qd7 19. Qg4 Re5 20. Nh6+ 1-0

[Event "3. Hrvatska liga zapad 2017."]
[Site "Pula, Gospić, Rijeka"]
[Date "2017.03.26"]
[Round "3.3"]
[White "Glavas, Loris"]
[Black "Vujnovic, Patricija"]
[Result "1/2-1/2"]
[WhiteElo "2108"]
[BlackElo "2125"]
[PlyCount "102"]
[EventDate "2017.03.25"]

1. e4 c6 2. d4 d5 3. f3 e6 4. e5 c5 5. c3 Nc6 6. Be3 Qb6 7. Qd2 cxd4 8. cxd4
Nge7 9. g4 Bd7 10. Nc3 Ng6 11. Nge2 Be7 12. O-O-O Nh4 13. f4 Nf3 14. Qc2 Nb4
15. Qb1 Rc8 16. Bf2 Bb5 17. h4 Qa6 18. Ng3 Bxf1 19. Rdxf1 Nxa2+ 20. Kc2 Qc4 21.
Qa1 Nxc3 22. bxc3 Bb4 23. Qa4+ b5 24. Qb3 Nxd4+ 25. Bxd4 Qxd4 26. Ne2 Qe4+ 27.
Kd2 Bxc3+ 28. Nxc3 Qd4+ 29. Kc2 b4 30. Rh3 Rxc3+ 31. Rxc3 Qxc3+ 32. Qxc3 bxc3
33. Kxc3 Ke7 34. Ra1 Rc8+ 35. Kd3 Rc7 36. h5 f6 37. g5 fxe5 38. fxe5 g6 39. h6
Kd7 40. Ra6 Rb7 41. Rd6+ Ke7 42. Ra6 Kf7 43. Ra3 Rc7 44. Ra6 Ke7 45. Ra3 Kd7
46. Ra6 Rb7 47. Ra3 Ke7 48. Ra6 Rb3+ 49. Kd4 Rb4+ 50. Kd3 Rb7 51. Ra3 Rc7
1/2-1/2

[Event "3. Hrvatska liga zapad 2017."]
[Site "Pula, Gospić, Rijeka"]
[Date "2017.03.26"]
[Round "3.3"]
[White "Sercer, Zoran"]
[Black "Antunovic, Ivo"]
[Result "1/2-1/2"]
[WhiteElo "2091"]
[BlackElo "2109"]
[PlyCount "76"]
[EventDate "2017.03.25"]

1. e4 d6 2. d4 Nf6 3. Nc3 g6 4. f3 Bg7 5. Be3 O-O 6. Qd2 Nc6 7. O-O-O e5 8.
Nge2 exd4 9. Nxd4 Nxd4 10. Bxd4 Be6 11. Nd5 Bxd5 12. exd5 c5 13. Bc3 a6 14. g4
b5 15. b3 c4 16. h4 b4 17. Bxb4 cxb3 18. axb3 a5 19. Bc3 a4 20. Bc4 axb3 21.
cxb3 Qc7 22. Kb2 Rfb8 23. Qd3 Ra4 24. Bb5 Ra5 25. Bc6 Nxd5 26. Bxg7 Ra2+ 27.
Kb1 Kxg7 28. Bxd5 Qa5 29. Qd4+ Kg8 30. Rd3 Rg2 31. Qa1 Qc5 32. Rc1 Qxd5 33.
Rc8+ Rxc8 34. Rxd5 Rg1+ 35. Kb2 Rg2+ 36. Kb1 Rg1+ 37. Kb2 Rg2+ 38. Kb1 Rg1+
1/2-1/2

[Event "3. Hrvatska liga zapad 2017."]
[Site "Pula, Gospić, Rijeka"]
[Date "2017.03.26"]
[Round "3.3"]
[White "Kolic, Michael"]
[Black "Kvaternik, Kresimir"]
[Result "1-0"]
[WhiteElo "1947"]
[BlackElo "1963"]
[PlyCount "79"]
[EventDate "2017.03.25"]

1. d4 Nf6 2. e3 e6 3. Bd3 d5 4. Nd2 c5 5. c3 Nc6 6. f4 cxd4 7. exd4 Bd6 8. g3
Qc7 9. Ngf3 Bd7 10. Ne5 h5 11. Qe2 Ne7 12. O-O g6 13. Ndf3 Nh7 14. Nxd7 Qxd7
15. Bb5 Nc6 16. Ne5 Bxe5 17. fxe5 O-O-O 18. Be3 Kb8 19. Qf2 f5 20. exf6 Qf7 21.
Qf4+ Ka8 22. Bxc6 bxc6 23. Qe5 Nf8 24. Bg5 Rh7 25. Rae1 Kb7 26. Rf3 Qc7 27. Qe3
Rdd7 28. Bh6 Rxh6 29. Qxh6 Rf7 30. Qe3 Kc8 31. b3 Kd7 32. c4 Qa5 33. c5 Rh7 34.
Re2 Qc7 35. Qg5 Ke8 36. Rfe3 Kf7 37. b4 Rh8 38. a4 a6 39. Re5 Nh7 40. Qh6 1-0

[Event "3. Hrvatska liga zapad 2017."]
[Site "Pula, Gospić, Rijeka"]
[Date "2017.03.26"]
[Round "3.3"]
[White "Tomac, Vanja"]
[Black "Rajkovic, Frano"]
[Result "0-1"]
[WhiteElo "1926"]
[BlackElo "1787"]
[PlyCount "126"]
[EventDate "2017.03.25"]

1. e4 e6 2. d4 d5 3. Nd2 a6 4. c3 c5 5. exd5 exd5 6. Bd3 Nf6 7. Ngf3 Be7 8. O-O
O-O 9. dxc5 Bxc5 10. Nb3 Bb6 11. Bg5 Nc6 12. Qc2 h6 13. Bh4 Be6 14. Rfe1 Rc8
15. Bf5 Re8 16. Bxe6 fxe6 17. Qd2 Qe7 18. Nbd4 Bxd4 19. cxd4 Qf7 20. Ne5 Nxe5
21. Rxe5 Ne4 22. Qe2 Rc4 23. f3 Nd6 24. Bf2 Nf5 25. Rd1 Qd7 26. b3 Rc6 27. Re1
Kf7 28. f4 Rec8 29. g4 Rc2 30. Qd3 Nd6 31. Rxe6 Ne4 32. R6xe4 Qxg4+ 33. Bg3
dxe4 34. Qxe4 Qd7 35. f5 Rc1 36. f6 Rxe1+ 37. Bxe1 Re8 38. Qh4 gxf6 39. Qh5+
Kg7 40. Bf2 Kh7 41. h4 Rg8+ 42. Kf1 Qb5+ 43. Qxb5 axb5 44. Ke2 Ra8 45. a4 bxa4
46. bxa4 Rxa4 47. Kd3 f5 48. d5 Kg6 49. d6 Kf7 50. h5 Ke6 51. Be3 Kxd6 52. Bxh6
Rh4 53. Bf8+ Kd5 54. h6 Rh3+ 55. Ke2 Ke4 56. Kf2 Kf4 57. Bd6+ Kg4 58. Bf8 f4
59. Bg7 f3 60. Kg1 b6 61. Kf2 b5 62. Bf8 Rh2+ 63. Kg1 f2+ 0-1

[Event "3. Hrvatska liga zapad 2017."]
[Site "Pula, Gospić, Rijeka"]
[Date "2017.03.26"]
[Round "3.3"]
[White "Pahljina, Marko"]
[Black "Acinger, Zeljko"]
[Result "1-0"]
[WhiteElo "1863"]
[BlackElo "1937"]
[PlyCount "85"]
[EventDate "2017.03.25"]

1. d4 c5 2. e3 e6 3. Nf3 Nf6 4. c4 cxd4 5. exd4 d5 6. Nc3 Nc6 7. Bd3 dxc4 8.
Bxc4 Be7 9. O-O O-O 10. Bf4 a6 11. d5 exd5 12. Nxd5 Nxd5 13. Qxd5 Qb6 14. b3
Be6 15. Qe4 Nd8 16. Rfe1 Bf6 17. Rad1 Bxc4 18. Qxc4 Ne6 19. Be3 Qa5 20. Re2 b5
21. Qg4 Rad8 22. Red2 Rxd2 23. Rxd2 Qc3 24. g3 Qc1+ 25. Kg2 Qc6 26. Qf5 Rc8 27.
h3 a5 28. Rd5 Rb8 29. Kh2 g6 30. Qe4 Rd8 31. Rxd8+ Nxd8 32. Qf4 a4 33. Nd4 Qa6
34. Nxb5 axb3 35. axb3 Ba1 36. Qb8 Kg7 37. Nc7 Qd3 38. Ne8+ Kf8 39. Nd6 Bf6 40.
Bb6 Qf1 41. Nb7 Kg7 42. Nxd8 Bxd8 43. Qxd8 1-0

[Event "3. Hrvatska liga zapad 2017."]
[Site "Pula, Gospić, Rijeka"]
[Date "2017.03.26"]
[Round "3.3"]
[White "Galic, Simeun"]
[Black "Perusko, Niko"]
[Result "1-0"]
[WhiteElo "1862"]
[BlackElo "1330"]
[PlyCount "135"]
[EventDate "2017.03.25"]

1. e4 e6 2. d4 d5 3. e5 c5 4. Bb5+ Nc6 5. Nf3 Bd7 6. Bxc6 Bxc6 7. O-O Rc8 8. c3
cxd4 9. cxd4 Bb4 10. a3 Ba5 11. b4 Bb6 12. a4 a6 13. Be3 Ne7 14. Ng5 h6 15. Nh3
O-O 16. g4 f6 17. exf6 Rxf6 18. g5 Rg6 19. Kh1 Nf5 20. Nf4 Rxg5 21. Nxe6 Nxe3
22. fxe3 Qe7 23. Nxg5 Qxg5 24. Qf3 Be8 25. Qf8+ Kh7 26. Rg1 Bg6 27. Rxg5 Rxf8
28. Rxg6 Kxg6 29. Nc3 Rf5 30. Kg2 Bc7 31. Rf1 Rg5+ 32. Kh1 a5 33. b5 Rh5 34.
Rf2 Bd6 35. b6 Bb4 36. Ne2 Rf5 37. Nf4+ Kf7 38. Rc2 Bd6 39. Nd3 Rf6 40. Rf2
Rxf2 41. Nxf2 Kf6 42. Kg2 Kf5 43. h3 g5 44. Kf3 h5 45. Nh1 g4+ 46. hxg4+ hxg4+
47. Ke2 Ke4 48. Nf2+ Kf5 49. Nd1 Kg5 50. Kf2 Bb4 51. Kg3 Be1+ 52. Kg2 Kf5 53.
Kf1 Bb4 54. Ke2 g3 55. Kf3 Be1 56. Nb2 Bd2 57. Nd1 Be1 58. Nb2 Bf2 59. Nd3 Ke6
60. Nxf2 gxf2 61. Kxf2 Kf6 62. Kg3 Kf5 63. Kf3 Ke6 64. e4 Kd6 65. e5+ Ke7 66.
Kf4 Ke6 67. Kg5 Kd7 68. Kf6 1-0

[Event "3. Hrvatska liga zapad 2017."]
[Site "Pula, Gospić, Rijeka"]
[Date "2017.03.26"]
[Round "3.4"]
[White "Kauzlaric, Goran"]
[Black "Pavicic, Tomislav"]
[Result "0-1"]
[WhiteElo "1947"]
[BlackElo "2095"]
[PlyCount "100"]
[EventDate "2017.03.25"]

1. d4 Nf6 2. Nf3 c5 3. d5 e6 4. c4 exd5 5. cxd5 Bd6 6. g3 O-O 7. Bg2 Re8 8. O-O
Bf8 9. Nc3 d6 10. h3 Na6 11. a4 Nb4 12. Nd2 b6 13. Re1 Bb7 14. Nc4 a6 15. e4
Nfxd5 16. Nxd5 Bxd5 17. exd5 Rxe1+ 18. Qxe1 Nc2 19. Qd1 Nxa1 20. Bd2 b5 21. Ba5
Qf6 22. Bc3 Qg6 23. Ne3 b4 24. Be1 Nb3 25. Qxb3 Qb1 26. Kf1 g6 27. Qc2 Qa1 28.
b3 Re8 29. Qd1 Qxd1 30. Nxd1 c4 31. bxc4 a5 32. Bf3 Bg7 33. Be2 Rb8 34. Bd3 b3
35. Nc3 Bxc3 36. Bxc3 b2 37. Bb1 Rb3 38. Bxa5 Ra3 39. Bc2 Rxa4 40. Bc3 Rxc4 41.
Bxb2 Rxc2 42. Ba3 Rc5 43. Bxc5 dxc5 44. Ke2 Kf8 45. Kd3 Ke7 46. f3 Kd6 47. Kc4
f6 48. h4 f5 49. g4 fxg4 50. fxg4 h6 0-1

[Event "3. Hrvatska liga zapad 2017."]
[Site "Pula, Gospić, Rijeka"]
[Date "2017.03.26"]
[Round "3.4"]
[White "Bakija, Davor"]
[Black "Gall, Toni Peter"]
[Result "1-0"]
[WhiteElo "1991"]
[BlackElo "1735"]
[PlyCount "166"]
[EventDate "2017.03.25"]

1. e4 c5 2. Nf3 g6 3. d4 cxd4 4. Nxd4 Bg7 5. Be2 Nf6 6. Nc3 O-O 7. O-O a6 8. e5
Ne8 9. f4 d6 10. Nf3 b5 11. Be3 Bb7 12. Qd2 Nd7 13. Rad1 Rc8 14. a3 Nb6 15. Bd4
Qc7 16. Qe3 Nc4 17. Bxc4 Qxc4 18. Rf2 Bh6 19. Nd2 Qe6 20. Nf1 Qg4 21. h3 Qd7
22. Ng3 Ba8 23. Qe2 d5 24. Qd3 e6 25. Nce2 f6 26. Rdf1 Qc7 27. c3 Qc4 28. Qe3
f5 29. h4 Rf7 30. Kh2 Bf8 31. Ng1 Be7 32. Nf3 Ng7 33. Rh1 Bc5 34. Bxc5 Qxc5 35.
Qxc5 Rxc5 36. Nd4 Bb7 37. Rd2 Bc8 38. Kg1 Rb7 39. Kf2 a5 40. Nc2 Rc4 41. Ne2
Rbc7 42. Ned4 Rb7 43. g3 Ne8 44. h5 Rcc7 45. Ke3 Rg7 46. Nf3 gxh5 47. Rg2 Rg4
48. Rxh5 Rbg7 49. Rg5 h6 50. Rxg7+ Nxg7 51. Ncd4 Bd7 52. Kf2 Kf7 53. Rh2 Kg6
54. Nh4+ Kh7 55. Nhf3 Ne8 56. Ng5+ Kg6 57. Ngxe6 Bc8 58. Rh1 h5 59. Rh4 Rxh4
60. gxh4 Kf7 61. Nd8+ Ke7 62. N8c6+ Kd7 63. Nxa5 Kc7 64. Nac6 Kb6 65. Ne7 Bd7
66. e6 Bxe6 67. Nxe6 Nd6 68. Nxd5+ Kc6 69. Ne3 Ne4+ 70. Ke2 Kd6 71. Nd4 Kc5 72.
Ndxf5 Nf6 73. Kd3 Nd7 74. Ke4 Nb6 75. b3 Nd7 76. Nd5 Kc6 77. Nd4+ Kc5 78. f5
Kd6 79. Nxb5+ Kc6 80. Nd4+ Kd6 81. b4 Nf8 82. Nf6 Ke7 83. Ke5 Kf7 1-0

[Event "3. Hrvatska liga zapad 2017."]
[Site "Pula, Gospić, Rijeka"]
[Date "2017.03.26"]
[Round "3.4"]
[White "Bogdanic, Antonela"]
[Black "Rajkovic, Italo"]
[Result "1/2-1/2"]
[WhiteElo "1710"]
[BlackElo "1985"]
[PlyCount "133"]
[EventDate "2017.03.25"]

1. Nf3 Nf6 2. g3 g6 3. Bg2 Bg7 4. O-O d5 5. d3 O-O 6. Nbd2 Nbd7 7. e4 e5 8. b3
Re8 9. Bb2 d4 10. a4 a5 11. Nc4 b6 12. Nh4 Ba6 13. Qe2 Bxc4 14. dxc4 Rc8 15.
Rad1 c5 16. Bh3 Rc7 17. Bc1 h6 18. Ng2 Qe7 19. Ne1 Rc6 20. Nd3 Kh7 21. Bg2 Rcc8
22. Bh3 Rcd8 23. Rfe1 Qf8 24. Qf1 Kg8 25. Bg2 Nh7 26. f4 f6 27. Re2 Qe7 28.
Rde1 Rf8 29. Kh1 Kh8 30. Qg1 Rf7 31. Nf2 Rdf8 32. Ng4 g5 33. f5 Rg8 34. Nf2 Rd8
35. Nd3 Nb8 36. Bd2 Nf8 37. Bf3 Qc7 38. Bh5 Re7 39. Rf2 Rd6 40. Qg2 Nh7 41. Be2
Qd8 42. h3 Qe8 43. g4 Nf8 44. Qf3 Kg8 45. Rh2 Nh7 46. Kg2 Rd8 47. Reh1 Qf8 48.
Bd1 Nc6 49. Be2 Red7 50. Rd1 Qe7 51. Rhh1 Qf8 52. Ne1 Ne7 53. h4 gxh4 54. Rxh4
Ng5 55. Qd3 Rd6 56. Nf3 Kf7 57. Nxg5+ fxg5 58. Rh2 Ng8 59. Qg3 Qe7 60. Rh3 Ke8
61. Rf1 Qf6 62. Rh2 Kd7 63. Qh3 Qf7 64. Qh5 Qxh5 65. Rxh5 Ke7 66. Rh3 Nf6 67.
Kf3 1/2-1/2

[Event "3. Hrvatska liga zapad 2017."]
[Site "Pula, Gospić, Rijeka"]
[Date "2017.03.26"]
[Round "3.4"]
[White "Pilepic, Slobodan"]
[Black "Causevic, Miro"]
[Result "1-0"]
[WhiteElo "1849"]
[BlackElo "1636"]
[PlyCount "56"]
[EventDate "2017.03.25"]

1. d4 d5 2. c4 e5 3. Nc3 Bb4 4. e3 e4 5. Bd2 Bxc3 6. Bxc3 Nf6 7. Ne2 O-O 8. Ng3
Be6 9. b3 Qc8 10. Be2 g6 11. Rc1 h5 12. cxd5 Bxd5 13. Bc4 Qe6 14. Bb4 Re8 15.
h3 c6 16. Ne2 b5 17. Nf4 Qd7 18. Be2 Kg7 19. g4 h4 20. g5 Nh7 21. Rg1 a5 22.
Bc5 Qf5 23. Bg4 Qxg5 24. Kd2 Qd8 25. Bh5 Qf6 26. Bxg6 Kh8 27. Qh5 fxg6 28.
Nxg6+ Kg7 1-0

[Event "3. Hrvatska liga zapad 2017."]
[Site "Pula, Gospić, Rijeka"]
[Date "2017.03.26"]
[Round "3.4"]
[White "Desnica, Lara"]
[Black "Saric, Husnija"]
[Result "0-1"]
[WhiteElo "1300"]
[BlackElo "1815"]
[PlyCount "114"]
[EventDate "2017.03.25"]

1. e4 c5 2. Nc3 a6 3. g3 b5 4. Bg2 Bb7 5. f4 e6 6. d3 Qc7 7. Nf3 b4 8. Ne2 Be7
9. Be3 d6 10. O-O Nf6 11. h3 Nbd7 12. g4 O-O 13. g5 Nh5 14. h4 g6 15. b3 f6 16.
gxf6 Bxf6 17. Bh3 Rae8 18. Rb1 d5 19. e5 d4 20. Bd2 Bxf3 21. exf6 Bxe2 22. Qxe2
Rxf6 23. Qg4 Qd6 24. Qg5 Kg7 25. Rf3 h6 26. Qg4 Nb6 27. Rbf1 Nd5 28. f5 exf5
29. Rxf5 Rxf5 30. Rxf5 Ne3 31. Bxe3 Rxe3 32. Rf3 Nf6 33. Qg2 Nd5 34. Qf2 Qe7
35. Kf1 Rxf3 36. Qxf3 Ne3+ 37. Kg1 Nxc2 38. Qg3 Ne1 39. Bf5 Qe3+ 40. Qxe3 dxe3
41. Be4 Nc2 42. Kf1 Nd4 43. Ke1 Kf6 44. Kd1 h5 45. Ke1 g5 46. hxg5+ Kxg5 47.
Kf1 Kg4 48. Bg6 h4 49. Be4 h3 50. Bh1 Kg3 51. Ke1 Kh2 52. Be4 Kg1 53. Kd1 h2
54. Ke1 h1=Q 55. Bxh1 Kxh1 56. Kf1 a5 57. Ke1 Kg1 0-1